000
00334 a2200109 4500
001
ART_9635
005
20260410161837.0
008
260409a
245
1
0
_a
Cómo ofertar productos de exportación
100
1
_a
Fratalocchi, Aldo
773
0
_t
Contabilidad y administración
_g
- Año 6, Nº 56 (feb. 1982)
_w
REV5485
999
_c
23755
_d
23755